000 01050cam a2200325 a 4500
001 15871839
003 ost
005 20140315084854.0
008 090818s2010 nyuab j b 001 0beng
010 _a 2009034157
020 _a9780531207567
020 _a0531223566
040 _aDLC
_cDLC
_dDLC
043 _aa-cc---
050 0 0 _aDS 778.M3
_b.H625 2010
100 1 _aHeuston, Kimberley Burton.
_d1960-
_924782
245 1 0 _aMao Zedong /
_cKimberley Heuston.
260 _aNew York :
_bScholastic Inc.,
_c2010.
300 _a128 p. :
_bill. ;
_c18 cm.
490 0 _aA wicked history, 20th century
521 _aG8
526 _c980
600 1 0 _aMao, Zedong,
_d1893-1976
_vJuvenile literature.
_924783
650 0 _aHeads of state
_zChina
_vBiography
_vJuvenile literature.
_924784
650 0 _aMao, Zedong, 1893-1976
_xJuvenile literaturel
_930222
906 _a7
_bcbc
_corignew
_d1
_eecip
_f20
_gy-gencatlg
942 _2lcc
_cBK
999 _c47402
_d47402